[Event "Dragnet for Dunst players! Dun du dun-dun "]
[Site "SchemingMind.com"]
[Date "2006.04.18"]
[Round "-"]
[White "langhab"]
[Black "judgmentality"]
[Result "1-0"]
[WhiteCountry "PHI"]
[BlackCountry "USA"]
[WhiteElo "1674"]
[WhiteRD "62"]
[BlackElo "1264"]
[BlackRD "60"]
[GameID "46093"]

1. Nc3 Nf6 2. b3 e5 3. Bb2 d5 4. e3 Nc6 5. d4 exd4 6. exd4 Nxd4 7. Qxd4 c5 8. Qe5+ Qe7 9. Qxe7+ Bxe7 10. O-O-O d4
11. Bb5+ Bd7 12. Bxd7+ Nxd7 13. Nd5
1-0

[Event "Dragnet for Dunst players! Dun du dun-dun "]
[Site "SchemingMind.com"]
[Date "2006.04.11"]
[Round "-"]
[White "judgmentality"]
[Black "langhab"]
[Result "0-1"]
[WhiteCountry "USA"]
[BlackCountry "PHI"]
[WhiteElo "1264"]
[WhiteRD "60"]
[BlackElo "1674"]
[BlackRD "62"]
[GameID "46094"]

1. Nc3 d5 2. Nf3 Bg4 3. Ne5 Bh5 4. g4 Bg6 5. f4 d4 6. Bg2 c6 7. Ne4 Bxe4 8. Bxe4 Nf6 9. d3 Nxe4 10. dxe4 f6
11. Nf3 c5 12. e3 Nc6 13. exd4 cxd4
0-1

[Event "Dragnet for Dunst players! Dun du dun-dun "]
[Site "SchemingMind.com"]
[Date "2006.04.19"]
[Round "-"]
[White "MatdeInverses"]
[Black "langhab"]
[Result "1-0"]
[WhiteCountry "USA"]
[BlackCountry "PHI"]
[WhiteElo "1956"]
[WhiteRD "47"]
[BlackElo "1649"]
[BlackRD "65"]
[GameID "47059"]

1. Nc3 e5 2. e4 Bc5 3. Bc4 Nf6 4. d3 d6 5. Na4 Bb6 6. Nxb6 axb6 7. f4 exf4 8. Bxf4 c6 9. Qf3 O-O 10. Bg5 Bg4
11. Qf4 Bh5 12. g4 Bg6 13. h4 h6 14. Bxf6 Qxf6 15. Qxf6 gxf6 16. h5 Bh7 17. Ne2 Nd7 18. O-O-O Ne5 19. Bb3 Nxg4 20. Rhg1 f5
21. Rdf1 Kh8 22. exf5 Ne3 23. Rf3 Nxf5 24. Rgf1 Rae8 25. Nc3 d5 26. Rxf5 Bxf5 27. Rxf5 Re1+ 28. Kd2 Rg1 29. Nd1 Rg5 30. Rxg5 hxg5
31. Nf2 Kh7 32. c4 dxc4 33. dxc4 Kh6 34. Bd1 f5 35. Nh3 f4 36. Bg4 Rd8+ 37. Ke2 Rd4 38. b3 Re4+ 39. Kf2 Re3 40. Kf1 Rg3
41. Nf2 c5 42. Ke2 Re3+ 43. Kd2 Rg3 44. Ke2 Rg1 45. Kf3 Ra1 46. Nd3 Rxa2 47. Ne5 Rb2 48. Ke4 Rxb3 49. Kf5 b5 50. Kf6 bxc4
51. Nf7+ Kh7 52. Bf5+ Kg8 53. h6 Rb6+ 54. Ke7 Rxh6 55. Nxh6+ Kg7 56. Ng4 Kg8 57. Kd6 Kg7 58. Kxc5 Kf7 59. Kxc4 Ke7 60. Kc5 Kd8
61. Kb6 Ke7 62. Be4 Ke6 63. Bxb7 Kf5 64. Bf3 Kg6 65. Kc6 Kf5 66. Kd6 Kg6 67. Ke5 Kf7 68. Kf5 Kg7 69. Kxg5 Kf7 70. Kxf4 Kg6
71. Bd5 Kg7 72. Kf5 Kh7 73. Kf6 Kh8 74. Ne5 Kh7 75. Ng6 Kh6 76. Bg8 Kh5 77. Ne5 Kh6 78. Ng4+ Kh5 79. Kf5 Kh4 80. Bf7 Kg3
81. Bd5 Kh4 82. Kf4 Kh5 83. Bf7+ Kh4 84. Ne3 Kh3 85. Bd5 Kh2 86. Be6
1-0

[Event "Dragnet for Dunst players! Dun du dun-dun "]
[Site "SchemingMind.com"]
[Date "2006.04.18"]
[Round "-"]
[White "MatdeInverses"]
[Black "judgmentality"]
[Result "1-0"]
[WhiteCountry "USA"]
[BlackCountry "USA"]
[WhiteElo "1956"]
[WhiteRD "47"]
[BlackElo "1426"]
[BlackRD "75"]
[GameID "47060"]

1. Nc3 Nf6 2. e4 e5 3. f4 d5 4. fxe5 Nxe4 5. Nf3 Bg4 6. Qe2 Bc5 7. Nxe4 Bxf3 8. Qxf3 dxe4 9. Qxe4 Qd4 10. Qxb7 Qf2+
11. Kd1 O-O 12. Qxa8 Nd7 13. Qf3
1-0

[Event "Dragnet for Dunst players! Dun du dun-dun "]
[Site "SchemingMind.com"]
[Date "2006.04.18"]
[Round "-"]
[White "langhab"]
[Black "MatdeInverses"]
[Result "0-1"]
[WhiteCountry "PHI"]
[BlackCountry "USA"]
[WhiteElo "1649"]
[WhiteRD "65"]
[BlackElo "1956"]
[BlackRD "47"]
[GameID "47061"]

1. Nc3 d5 2. e3 e5 3. Qh5 Nf6 4. Qxe5+ Be7 5. d4 O-O 6. Qg3 c5 7. dxc5 Bxc5 8. Be2 Nc6 9. a3 d4 10. exd4 Nxd4
11. Bd3 Re8+ 12. Be3 Nf5 13. Bxf5 Bxf5 14. Nge2 Bxe3 15. fxe3 Qb6 16. O-O Rxe3
0-1

[Event "Dragnet for Dunst players! Dun du dun-dun "]
[Site "SchemingMind.com"]
[Date "2006.04.18"]
[Round "-"]
[White "judgmentality"]
[Black "MatdeInverses"]
[Result "0-1"]
[WhiteCountry "USA"]
[BlackCountry "USA"]
[WhiteElo "1264"]
[WhiteRD "60"]
[BlackElo "1978"]
[BlackRD "46"]
[GameID "47062"]

1. Nc3 d5 2. Nf3 Nf6 3. d4 Bf5 4. Bg5 e6 5. e3 Nbd7 6. Bd3 Bxd3 7. cxd3 Be7 8. O-O O-O 9. Qd2 h6 10. Bh4 c5
11. Rac1 Rc8 12. Ne5 cxd4 13. exd4 Nxe5 14. dxe5 Nd7 15. Bxe7 Qxe7 16. d4 Nb6
0-1

[Event "Dragnet for Dunst players! Dun du dun-dun "]
[Site "SchemingMind.com"]
[Date "2006.04.25"]
[Round "-"]
[White "Flipje"]
[Black "langhab"]
[Result "1-0"]
[WhiteCountry "NED"]
[BlackCountry "PHI"]
[WhiteElo "2007"]
[WhiteRD "109"]
[BlackElo "1649"]
[BlackRD "65"]
[GameID "47476"]

1. Nc3 f5 2. e4 d6 3. d4 fxe4 4. Nxe4 Nf6 5. Bd3 g6 6. h4 Bg7 7. h5 Bf5 8. h6 Bf8 9. Nxf6+ exf6 10. Bxf5 gxf5
11. Qh5+
1-0

[Event "Dragnet for Dunst players! Dun du dun-dun "]
[Site "SchemingMind.com"]
[Date "2006.04.21"]
[Round "-"]
[White "Flipje"]
[Black "MatdeInverses"]
[Result "0-1"]
[WhiteCountry "NED"]
[BlackCountry "USA"]
[WhiteElo "2002"]
[WhiteRD "99"]
[BlackElo "2016"]
[BlackRD "45"]
[GameID "47478"]

1. Nc3 d5 2. e4 dxe4 3. Nxe4 e5 4. Bc4 f5 5. Nc3 Nf6 6. d3 Nc6 7. Nf3 Bd6 8. O-O Qe7 9. Ng5 Bd7 10. Bf7+ Kd8
11. Bb3 Rf8 12. f4 h6 13. fxe5 Nxe5 14. Nf3 Bc6 15. Re1 Bxf3 16. gxf3 Nxf3+ 17. Qxf3 Qxe1+ 18. Kg2 Qh4 19. h3 g5 20. Qf2 Qxf2+
21. Kxf2 Kd7 22. Be3 f4 23. Bd4 g4 24. Bxf6 g3+ 25. Kf3 Rxf6 26. Ne4 Rg6 27. Rg1 Rf8 28. Rg2 c6 29. c3 a5 30. a4 h5
31. Bd1 b6 32. Rd2 Kc7 33. Kg2 h4 34. Bf3 Rgg8 35. Re2 Rd8 36. Nf6 Rgf8 37. Nh7 Rfe8 38. Be4 b5 39. axb5 f3+ 40. Kxf3 Rd7
0-1

[Event "Dragnet for Dunst players! Dun du dun-dun "]
[Site "SchemingMind.com"]
[Date "2006.04.21"]
[Round "-"]
[White "langhab"]
[Black "Flipje"]
[Result "0-1"]
[WhiteCountry "PHI"]
[BlackCountry "NED"]
[WhiteElo "1649"]
[WhiteRD "65"]
[BlackElo "2007"]
[BlackRD "109"]
[GameID "47479"]

1. Nc3 d5 2. d4 Bf5 3. Bf4 e6 4. Nf3 Bb4 5. Bd2 Nf6 6. g3 Nbd7 7. Bg2 c5 8. dxc5 Bxc5 9. e3 O-O 10. O-O h6
11. a3 a6 12. b4 Be7 13. Ne2 Rc8 14. Rc1 Nb6 15. Nfd4 Bh7 16. c3 Nc4 17. a4 Nd7 18. f4 Ndb6 19. a5 Nxd2 20. axb6 Nxf1
21. Qxf1 Qxb6 22. Qe1 Rc4 23. g4 Rfc8
0-1

[Event "Dragnet for Dunst players! Dun du dun-dun "]
[Site "SchemingMind.com"]
[Date "2006.04.21"]
[Round "-"]
[White "judgmentality"]
[Black "Flipje"]
[Result "0-1"]
[WhiteCountry "USA"]
[BlackCountry "NED"]
[WhiteElo "1251"]
[WhiteRD "66"]
[BlackElo "2002"]
[BlackRD "99"]
[GameID "47480"]

1. Nc3 Nf6 2. Nf3 g6 3. e4 d6 4. d4 Bg7 5. Bc4 O-O 6. Bg5 c5 7. O-O cxd4 8. Bxf6 dxc3 9. Bxg7 Kxg7 10. Qd4+ Kg8
0-1

[Event "Dragnet for Dunst players! Dun du dun-dun "]
[Site "SchemingMind.com"]
[Date "2006.04.21"]
[Round "-"]
[White "MatdeInverses"]
[Black "Flipje"]
[Result "1-0"]
[WhiteCountry "USA"]
[BlackCountry "NED"]
[WhiteElo "1978"]
[WhiteRD "46"]
[BlackElo "2010"]
[BlackRD "101"]
[GameID "47481"]

1. Nc3 e6 2. e4 a6 3. d4 b5 4. Bd3 c5 5. dxc5 Bxc5 6. Qg4 Nf6 7. Qxg7 Rg8 8. Qh6 Bxf2+ 9. Kf1 Rg6 10. Qh3 Bxg1
11. Rxg1 Ng4 12. e5 Rf6+ 13. Ke1 Qb6 14. Ne2 Qf2+ 15. Kd1 Nxe5 16. Qxh7 Nxd3 17. cxd3 Qf5 18. Qh8+ Ke7 19. Qxc8 Qxd3+ 20. Ke1 Nc6
21. Qc7 Rf5 22. Bf4 Nb4 23. Rd1 Nc2+ 24. Kf2 Qe3+ 25. Kf1 Qe4 26. Rxd7+ Ke8 27. Rd2 Nb4 28. Qd7+ Kf8 29. Qd6+ Kg8 30. Rd4
1-0

[Event "Dragnet for Dunst players! Dun du dun-dun "]
[Site "SchemingMind.com"]
[Date "2006.04.24"]
[Round "-"]
[White "TiltingWindmills"]
[Black "Flipje"]
[Result "0-1"]
[WhiteCountry "USA"]
[BlackCountry "NED"]
[WhiteElo "1220"]
[WhiteRD "71"]
[BlackElo "2002"]
[BlackRD "99"]
[GameID "47534"]

1. Nc3 g6 2. e4 Bg7 3. Nf3 b6 4. d4 Bb7 5. Bd3 h6 6. Be3 e6 7. O-O Ne7 8. e5 d6 9. Bb5+ Nd7 10. h3 a6
11. Bc4 dxe5 12. dxe5 Nxe5 13. Nd4 Nxc4 14. Bf4 Qxd4 15. Bxc7 Rc8 16. Qxd4 Bxd4 17. Bf4 Nxb2 18. Ne2 Bg7 19. c3 Nd5 20. Rac1 Nd3
21. Rb1 N3xf4 22. Nd4 Rxc3 23. Rfe1 Bxd4 24. Rb2 Nd3 25. Ree2 Nxb2 26. g3 Rc1+ 27. Kh2 Rh1+ 28. Kxh1 Nf4+ 29. Kg1 Nxe2+ 30. Kf1 Bf3
0-1

[Event "Dragnet for Dunst players! Dun du dun-dun "]
[Site "SchemingMind.com"]
[Date "2006.04.25"]
[Round "-"]
[White "TiltingWindmills"]
[Black "langhab"]
[Result "1-0"]
[WhiteCountry "USA"]
[BlackCountry "PHI"]
[WhiteElo "1243"]
[WhiteRD "68"]
[BlackElo "1674"]
[BlackRD "62"]
[GameID "47535"]

1. Nc3 f6 2. e4 e5 3. Nf3 Bb4 4. Bc4 d6 5. d3 Bg4 6. O-O Nd7 7. Nd5 a5 8. c3 Bc5 9. b3 c6 10. Ne3 Bxe3
11. Bxe3 Ne7 12. Qd2 Nf8 13. a4 Nd7 14. Rfe1 Bxf3 15. gxf3 b5 16. axb5 d5 17. exd5 cxd5 18. Bxd5 Nxd5 19. c4 O-O 20. cxd5 f5
21. Bg5 Qb6 22. Rac1 Qxb5 23. Be7 Rfe8 24. d6 Qd5 25. Qg5 Qxf3 26. Re3 Qg4+ 27. Qxg4 fxg4 28. Bh4 Rec8 29. Rc4 h6 30. Rxg4 Rc3
31. b4 axb4 32. Reg3 g5 33. Bxg5
1-0

[Event "Dragnet for Dunst players! Dun du dun-dun "]
[Site "SchemingMind.com"]
[Date "2006.04.22"]
[Round "-"]
[White "TiltingWindmills"]
[Black "MatdeInverses"]
[Result "0-1"]
[WhiteCountry "USA"]
[BlackCountry "USA"]
[WhiteElo "1199"]
[WhiteRD "80"]
[BlackElo "1898"]
[BlackRD "52"]
[GameID "47537"]

1. Nc3 d5 2. d4 Nf6 3. Bf4 c6 4. Nf3 g6 5. e3 Bg7 6. Bd3 O-O 7. O-O Nbd7 8. Re1 a5 9. a4 Re8 10. b3 Ng4
11. h3 e5 12. dxe5 Ngxe5 13. Bg5 Nxf3+ 14. Qxf3 Qxg5 15. Re2 Ne5 16. Qg3 Qxg3 17. fxg3 Nxd3 18. cxd3 Bxc3 19. Rc1 d4
0-1

[Event "Dragnet for Dunst players! Dun du dun-dun "]
[Site "SchemingMind.com"]
[Date "2006.04.22"]
[Round "-"]
[White "Flipje"]
[Black "TiltingWindmills"]
[Result "1-0"]
[WhiteCountry "NED"]
[BlackCountry "USA"]
[WhiteElo "2010"]
[WhiteRD "101"]
[BlackElo "1243"]
[BlackRD "68"]
[GameID "47538"]

1. Nc3 e6 2. e4 Nc6 3. d4 Nf6 4. f4 Bd6 5. e5 Be7 6. exf6 Bxf6 7. Nf3 d5 8. Ne5 Bxe5 9. fxe5 O-O 10. Be3 b6
11. Bd3 Bb7 12. Qh5 g6 13. Qh6 Nb4 14. h4 c6 15. h5 gxh5 16. Qxh7#
1-0

[Event "Dragnet for Dunst players! Dun du dun-dun "]
[Site "SchemingMind.com"]
[Date "2006.04.22"]
[Round "-"]
[White "langhab"]
[Black "TiltingWindmills"]
[Result "1-0"]
[WhiteCountry "PHI"]
[BlackCountry "USA"]
[WhiteElo "1674"]
[WhiteRD "62"]
[BlackElo "1243"]
[BlackRD "68"]
[GameID "47539"]

1. Nc3 e6 2. b3 Nc6 3. Bb2 d5 4. g3 Bc5 5. Bg2 Nf6 6. e3 e5 7. Nge2 Bf5 8. O-O O-O 9. Na4 Bd6 10. d3 b5
11. Nac3 a6 12. Nxd5 Nxd5 13. Bxd5 Bd7 14. f4 Rb8 15. Bxc6 Bxc6 16. fxe5 Be7 17. Nd4 Bd5 18. e4 Bb7 19. Qg4 c6 20. Nf5 Bc5+
21. d4 Bb4 22. Qxg7#
1-0

[Event "Dragnet for Dunst players! Dun du dun-dun "]
[Site "SchemingMind.com"]
[Date "2006.04.22"]
[Round "-"]
[White "MatdeInverses"]
[Black "TiltingWindmills"]
[Result "1-0"]
[WhiteCountry "USA"]
[BlackCountry "USA"]
[WhiteElo "1898"]
[WhiteRD "52"]
[BlackElo "1199"]
[BlackRD "80"]
[GameID "47541"]

1. Nc3 e6 2. e4 Nc6 3. d4 d6 4. f4 Nf6 5. Nf3 e5 6. dxe5 dxe5 7. Qxd8+ Nxd8 8. fxe5 Ng4 9. h3 Be6 10. hxg4 Bc5
11. Nd5 O-O 12. Nxc7 Rc8 13. Nxe6 Nxe6 14. Bd3 Rcd8 15. Bd2 b6 16. O-O-O Rfe8 17. Rh3 Nf4 18. Bxf4 h6 19. g5 hxg5 20. Bxg5
1-0

[Event "Dragnet for Dunst players! Dun du dun-dun "]
[Site "SchemingMind.com"]
[Date "2006.04.24"]
[Round "-"]
[White "Kenny Elliott"]
[Black "Flipje"]
[Result "0-1"]
[WhiteCountry "USA"]
[BlackCountry "NED"]
[WhiteElo "1447"]
[WhiteRD "87"]
[BlackElo "2010"]
[BlackRD "101"]
[GameID "47565"]

1. Nc3 e5 2. e4 Nf6 3. Nf3 Nc6 4. Bb5 d6 5. Bxc6+ bxc6 6. O-O Be7 7. d4 exd4 8. Nxd4 Bd7 9. Qf3 O-O 10. Qg3 Ne8
11. Bh6 Bf6 12. Nf3 Rb8 13. b3 Bxc3 14. Rad1 Bf6 15. Rfe1 Rb5 16. Re3 Rh5 17. Bf4 Be6 18. e5 Be7 19. exd6 cxd6 20. Nd4 Qc8
21. Nxe6 fxe6 22. Qg4 Rhf5 23. Rg3 Rxf4 24. Qe2 Bh4
0-1

[Event "Dragnet for Dunst players! Dun du dun-dun "]
[Site "SchemingMind.com"]
[Date "2006.04.25"]
[Round "-"]
[White "Kenny Elliott"]
[Black "langhab"]
[Result "1-0"]
[WhiteCountry "USA"]
[BlackCountry "PHI"]
[WhiteElo "1402"]
[WhiteRD "98"]
[BlackElo "1649"]
[BlackRD "65"]
[GameID "47566"]

1. Nc3 b6 2. d4 e6 3. Bf4 Bb7 4. e4 Bb4 5. Bd3 d6 6. Ne2 Ne7 7. O-O Bxc3 8. Nxc3 Ng6 9. Bg3 O-O 10. f4 f5
11. Qh5 Qf6 12. Rae1 Qxd4+ 13. Kh1 Nd7 14. exf5 Nf6 15. Qe2 exf5 16. Nb5 Qc5 17. Bxf5 Rfe8 18. Qd3 Be4 19. Bxe4 Nxe4 20. Rxe4
1-0

[Event "Dragnet for Dunst players! Dun du dun-dun "]
[Site "SchemingMind.com"]
[Date "2006.04.22"]
[Round "-"]
[White "Kenny Elliott"]
[Black "TiltingWindmills"]
[Result "1-0"]
[WhiteCountry "USA"]
[BlackCountry "USA"]
[WhiteElo "1447"]
[WhiteRD "87"]
[BlackElo "1243"]
[BlackRD "68"]
[GameID "47567"]

1. Nc3 e5 2. Nf3 Nc6 3. e4 Bc5 4. Bb5 d6 5. O-O Nf6 6. Nd5 Nxe4 7. d3 Nf6 8. Bg5 Be6 9. Bxc6+ bxc6 10. Nxf6+ gxf6
11. Bh6 d5 12. Nh4 d4 13. Qh5 Rb8 14. Bg7 Rg8 15. Qxh7 Ke7 16. Qh6 Re8 17. Bxf6+ Kd7 18. Bxd8 Rexd8 19. Qf6 Rf8 20. Qxe5 Rb5
21. a4 Ra5 22. b4 Bxb4 23. Qxd4+ Bd5 24. Qxb4 Ra6 25. Qxf8 Ke6 26. Rfe1+ Kd7 27. Qe7+ Kc8 28. Rab1 Rxa4 29. Qe8#
1-0

[Event "Dragnet for Dunst players! Dun du dun-dun "]
[Site "SchemingMind.com"]
[Date "2006.04.27"]
[Round "-"]
[White "Kenny Elliott"]
[Black "judgmentality"]
[Result "1-0"]
[WhiteCountry "USA"]
[BlackCountry "USA"]
[WhiteElo "1447"]
[WhiteRD "87"]
[BlackElo "1264"]
[BlackRD "60"]
[GameID "47568"]

1. Nc3 d5 2. d4 Nf6 3. Bg5 Nbd7 4. e3 h6 5. Bh4 g5 6. Bg3 Bg7 7. Nb5 e5 8. dxe5 Ne4 9. Ne2 Nxe5 10. Bxe5 Bxe5
11. c3 c6 12. Nbd4 Bg4 13. f3 Bh5 14. fxe4 Bxe2 15. Bxe2
1-0

[Event "Dragnet for Dunst players! Dun du dun-dun "]
[Site "SchemingMind.com"]
[Date "2006.04.22"]
[Round "-"]
[White "Kenny Elliott"]
[Black "MatdeInverses"]
[Result "0-1"]
[WhiteCountry "USA"]
[BlackCountry "USA"]
[WhiteElo "1441"]
[WhiteRD "100"]
[BlackElo "1898"]
[BlackRD "52"]
[GameID "47569"]

1. Nc3 d5 2. d4 Nf6 3. Bg5 Bf5 4. e3 c6 5. Nf3 Ne4 6. Bd3 Nd7 7. Bxe4 dxe4 8. Nd2 Qa5 9. O-O O-O-O 10. Ndxe4 f6
11. Bf4 e5 12. Bg3 h5 13. Qf3 Bxe4 14. Nxe4 h4 15. dxe5 hxg3 16. Nxg3 Nxe5 17. a3 Nxf3+
0-1

[Event "Dragnet for Dunst players! Dun du dun-dun "]
[Site "SchemingMind.com"]
[Date "2006.04.24"]
[Round "-"]
[White "Flipje"]
[Black "Kenny Elliott"]
[Result "1-0"]
[WhiteCountry "NED"]
[BlackCountry "USA"]
[WhiteElo "2007"]
[WhiteRD "109"]
[BlackElo "1402"]
[BlackRD "98"]
[GameID "47570"]

1. Nc3 e5 2. Nf3 Nc6 3. d4 exd4 4. Nxd4 Nxd4 5. Qxd4 Nf6 6. Bg5 Be7 7. e4 c5 8. Qd2 d6 9. O-O-O O-O 10. Bd3 Ng4
11. Bxe7 Qxe7 12. h3 Ne5 13. Be2 Rd8 14. Nd5 Qe6 15. Kb1 Qg6 16. Ne7+ Kf8 17. Nxg6+ Nxg6 18. f4 Be6 19. f5
1-0

[Event "Dragnet for Dunst players! Dun du dun-dun "]
[Site "SchemingMind.com"]
[Date "2006.04.24"]
[Round "-"]
[White "langhab"]
[Black "Kenny Elliott"]
[Result "1-0"]
[WhiteCountry "PHI"]
[BlackCountry "USA"]
[WhiteElo "1674"]
[WhiteRD "62"]
[BlackElo "1447"]
[BlackRD "87"]
[GameID "47571"]

1. Nc3 Nc6 2. g3 e5 3. Bg2 Bb4 4. a3 Bxc3 5. dxc3 Nf6 6. Bg5 O-O 7. Nf3 d5 8. Bxf6 Qxf6 9. Qxd5 Rd8 10. Qc5 Bf5
11. O-O Rd6 12. Rac1 Rad8 13. b4 b6 14. Qe3 Qe6 15. Ne1 Ne7 16. Nd3 f6 17. Rfd1 Qc4 18. h3 Nd5 19. Bxd5+ Rxd5 20. g4 Bxg4
21. hxg4 Qxg4+ 22. Qg3 Qc4 23. Nb2 Rxd1+ 24. Rxd1 Rxd1+ 25. Nxd1 Qa2 26. c4 Qxc2 27. Qd3 Qxd3 28. exd3 h5 29. Ne3 g5 30. Nd5 c5
31. b5 Kg7 32. a4 Kg6 33. Nxb6 axb6 34. a5
1-0

[Event "Dragnet for Dunst players! Dun du dun-dun "]
[Site "SchemingMind.com"]
[Date "2006.04.24"]
[Round "-"]
[White "TiltingWindmills"]
[Black "Kenny Elliott"]
[Result "0-1"]
[WhiteCountry "USA"]
[BlackCountry "USA"]
[WhiteElo "1243"]
[WhiteRD "68"]
[BlackElo "1447"]
[BlackRD "87"]
[GameID "47572"]

1. Nc3 f5 2. Nf3 Nf6 3. d4 e6 4. Bf4 Bb4 5. e3 b6 6. Bd3 Bb7 7. O-O Bxc3 8. bxc3 O-O 9. c4 Nc6 10. Rb1 d6
11. Bg5 h6 12. Bf4 Ne7 13. c3 g5 14. Bg3 Qe8 15. a4 Qh5 16. Re1 Ng6 17. h3 g4 18. hxg4 fxg4 19. Nd2 Nh4 20. Qc2 Nxg2
21. Re2 Ne1 22. Bg6 Qh1#
0-1

[Event "Dragnet for Dunst players! Dun du dun-dun "]
[Site "SchemingMind.com"]
[Date "2006.04.24"]
[Round "-"]
[White "judgmentality"]
[Black "Kenny Elliott"]
[Result "0-1"]
[WhiteCountry "USA"]
[BlackCountry "USA"]
[WhiteElo "1264"]
[WhiteRD "60"]
[BlackElo "1447"]
[BlackRD "87"]
[GameID "47573"]

1. Nc3 g6 2. e4 e5 3. f4 Bg7 4. Nf3 Nc6 5. Bc4 h6 6. O-O d6 7. fxe5 Nxe5 8. Nxe5 dxe5 9. d3 Nf6 10. Be3 Ng4
11. Bd2 O-O 12. h3 Nf6 13. Qc1 Kh7 14. Qe1 Qe7
0-1

[Event "Dragnet for Dunst players! Dun du dun-dun "]
[Site "SchemingMind.com"]
[Date "2006.04.24"]
[Round "-"]
[White "MatdeInverses"]
[Black "Kenny Elliott"]
[Result "1-0"]
[WhiteCountry "USA"]
[BlackCountry "USA"]
[WhiteElo "1898"]
[WhiteRD "52"]
[BlackElo "1441"]
[BlackRD "100"]
[GameID "47574"]

1. Nc3 e5 2. e4 Nf6 3. f4 d6 4. Nf3 Bg4 5. Bc4 Nc6 6. d3 Bxf3 7. Qxf3 Nd4 8. Qd1 Be7 9. O-O O-O 10. f5 Nd7
11. a3 Nf6 12. g4 c5 13. g5 Nd7 14. Qh5 g6 15. fxg6 hxg6 16. Qxg6+ Kh8 17. Qh6+
1-0

[Event "Dragnet for Dunst players! Dun du dun-dun "]
[Site "SchemingMind.com"]
[Date "2006.04.24"]
[Round "-"]
[White "mart_r3000"]
[Black "Flipje"]
[Result "0-1"]
[WhiteCountry "ENG"]
[BlackCountry "NED"]
[WhiteElo "1311"]
[WhiteRD "55"]
[BlackElo "2010"]
[BlackRD "101"]
[GameID "47658"]

1. Nc3 d5 2. e4 d4 3. Nce2 e5 4. Ng3 Be6 5. Bb5+ Nd7 6. Nf3 f6 7. d3 c6 8. Bc4 Bxc4 9. dxc4 Bb4+ 10. Bd2 Bxd2+
11. Nxd2 Ne7 12. Qf3 O-O 13. O-O-O Qa5 14. a3 b5 15. Nb3 Qa4 16. Nd2 bxc4 17. Nf5 Nxf5 18. Qxf5 Nc5 19. Nb1 Rfd8 20. Nd2 c3
21. Nf3 d3 22. cxd3 Nxd3+ 23. Rxd3 Rxd3 24. Re1 Rad8
0-1

[Event "Dragnet for Dunst players! Dun du dun-dun "]
[Site "SchemingMind.com"]
[Date "2006.04.25"]
[Round "-"]
[White "mart_r3000"]
[Black "langhab"]
[Result "0-1"]
[WhiteCountry "ENG"]
[BlackCountry "PHI"]
[WhiteElo "1311"]
[WhiteRD "55"]
[BlackElo "1674"]
[BlackRD "62"]
[GameID "47659"]

1. Nc3 g6 2. e4 Bg7 3. d4 e6 4. Nf3 b6 5. Bf4 Bb7 6. Bd3 Ne7 7. O-O O-O 8. e5 c5 9. Ng5 cxd4 10. Nb5 Nbc6
11. Nd6 Rb8 12. Qg4 Nf5 13. Qh3 h6 14. Nge4 Nxe5 15. Nxb7 Rxb7 16. g4 Nxd3 17. cxd3 e5 18. Bd2 Nh4 19. Nd6 Rb8 20. Rac1 Qf6
21. Ne4 Qd8 22. f4 exf4 23. Bxf4 Ra8 24. Rfe1 g5 25. Bd6 Re8 26. Qf1 Rc8 27. Re2 Rxc1 28. Qxc1 Ng6 29. Qe1 Kh8 30. Nf6 Rxe2
31. Qxe2 Bxf6 32. Qf1 Kg7 33. Qf2 Qe8 34. Kg2 Nh4+ 35. Kh1 Qe3 36. Bg3 Qxf2 37. Bxf2 Nf3 38. h3 Ne5 39. Bxd4 Nxg4 40. Bg1 Ne5
41. b4 Nxd3
0-1

[Event "Dragnet for Dunst players! Dun du dun-dun "]
[Site "SchemingMind.com"]
[Date "2006.04.24"]
[Round "-"]
[White "mart_r3000"]
[Black "Kenny Elliott"]
[Result "1-0"]
[WhiteCountry "ENG"]
[BlackCountry "USA"]
[WhiteElo "1260"]
[WhiteRD "61"]
[BlackElo "1402"]
[BlackRD "98"]
[GameID "47660"]

1. Nc3 Nf6 2. e4 e5 3. Nf3 Bb4 4. Nxe5 d6 5. Nd3 Bxc3 6. dxc3 O-O 7. Bg5 Be6 8. Nf4 Qe7 9. Qf3 Nbd7 10. Be2 h6
11. Bxf6 Nxf6 12. O-O c6 13. Nxe6 Qxe6 14. Rad1 Qxa2 15. Rxd6 Qxb2 16. Qd3 a5 17. e5 Nd5 18. g3 a4 19. Qf5 Ne7 20. Qe4 a3
21. Bd3 g6 22. Rd4 Ra7 23. Rd7 Nd5 24. e6
1-0

[Event "Dragnet for Dunst players! Dun du dun-dun "]
[Site "SchemingMind.com"]
[Date "2006.04.23"]
[Round "-"]
[White "mart_r3000"]
[Black "TiltingWindmills"]
[Result "1-0"]
[WhiteCountry "ENG"]
[BlackCountry "USA"]
[WhiteElo "1311"]
[WhiteRD "55"]
[BlackElo "1243"]
[BlackRD "68"]
[GameID "47661"]

1. Nc3 e5 2. e4 Nf6 3. f4 exf4 4. e5 Qe7 5. a3 d6 6. d4 Nc6 7. Bxf4 dxe5 8. dxe5 Be6 9. Qe2 Bg4 10. Nf3 Nd4
11. Qd3 Qc5 12. Nxd4 Nd5 13. Ne4 Qa5+ 14. Nc3 Nxf4 15. Qe4 Bd7 16. Qxf4 Bc5 17. Nb3 Qb6 18. Nd5 Qc6 19. Bc4 O-O 20. Qh4 Qe6
21. O-O-O Qxe5 22. Nxc5 Rad8 23. Ne7+ Kh8 24. Bd3 g6 25. Nxg6+ fxg6 26. Qb4 Qg5+ 27. Kb1 Be6 28. Nxe6 a5 29. Qc3+ Rf6 30. Nxg5 Kg7
31. Rhf1 Rf8 32. Ne6+ Kf7 33. Qxf6+ Kg8 34. Qxf8#
1-0

[Event "Dragnet for Dunst players! Dun du dun-dun "]
[Site "SchemingMind.com"]
[Date "2006.04.27"]
[Round "-"]
[White "mart_r3000"]
[Black "judgmentality"]
[Result "1-0"]
[WhiteCountry "ENG"]
[BlackCountry "USA"]
[WhiteElo "1311"]
[WhiteRD "55"]
[BlackElo "1264"]
[BlackRD "60"]
[GameID "47662"]

1. Nc3 d5 2. e4 c6 3. Nf3 Bg4 4. h3 Bh5 5. Be2 e6 6. Ne5 Bg6 7. O-O Bd6 8. Nxg6 hxg6 9. d4 Qe7 10. e5 Bc7
11. g3 Rxh3 12. Bg4 Rh8 13. a3 Nd7 14. Kg2 O-O-O 15. Na4 b5 16. c3 Nh6 17. Bf3
1-0

[Event "Dragnet for Dunst players! Dun du dun-dun "]
[Site "SchemingMind.com"]
[Date "2006.04.23"]
[Round "-"]
[White "mart_r3000"]
[Black "MatdeInverses"]
[Result "0-1"]
[WhiteCountry "ENG"]
[BlackCountry "USA"]
[WhiteElo "1213"]
[WhiteRD "72"]
[BlackElo "1898"]
[BlackRD "52"]
[GameID "47663"]

1. Nc3 d5 2. e4 dxe4 3. Nxe4 e5 4. Nf3 f5 5. Nfg5 fxe4 6. Nxe4 Nf6 7. Nc3 Be6 8. f3 Nc6 9. Bb5 Bc5 10. Ne2 O-O
11. c3 Qd6 12. d4 exd4 13. Bf4 Qd5 14. O-O dxc3+ 15. Kh1 cxb2 16. Rb1 Qxa2 17. Nc3 Qa5 18. Qc2 Nd4 19. Qxb2 Nxb5 20. Nxb5 Bc4
21. Qc2 Bxf1 22. Qxc5 Bxb5 23. Rxb5 Qe1+ 24. Qg1 Qxg1+ 25. Kxg1 c5 26. Rxb7 c4 27. Be5 Rfc8 28. Bd4 c3
0-1